000
00272nam a22001097a 4500
008
230704b xxu||||| |||| 00| 0 eng d
082
_a
341.42
_b
KEN
100
_c
KENYA
245
_a
Report of the Regional Boundaries Commission
300
_a
various paging
942
_2
ddc
_c
BK
999
_c
3756
_d
3756